000
00264nam a22001097a 4500
082
_a
291.72 FAR'I
100
_a
FARMAN ALI, CHAUDHARY
_9
75785
245
_a
IMAN,TAQWA,JEHAD FISABILILLAH
260
_a
LAHORE
_b
SHIRKAT-E-HANFIA
_c
1981
300
_a
493P
942
_c
BK
999
_c
581188
_d
581188